Carbonated Beverages Quiz Stats

 Plays Quiz Updated Jul 11, 2017

Support Sporcle.
Go Orange.
Score 0/10 Timer 03:00
9 Plays Today
Rank Beverage % Correct
1Coca-Cola
99.6%
3Pepsi-Cola
97.5%
6Sprite
93%
5Dr Pepper
81.6%
4Mountain Dew
75.5%
2Diet Coke
65.6%
7Diet Pepsi
60.5%
10Fanta
55.1%
9Diet Dr Pepper
35.3%
8Diet Mountain Dew
29.6%

From the Vault

Close-Up 'G' Images

by Chenchilla

Get up good and close.
Remove Ads.
Support Sporcle.
Get the best of Sporcle when you Go Orange. This ad-free experience offers more features, more stats, and more fun while also helping to support Sporcle. Thank you for becoming a member.

Show Comments

Extras

Top Quizzes Today


Score Distribution

Your Account Isn't Verified!

In order to create a playlist on Sporcle, you need to verify the email address you used during registration. Go to your Sporcle Settings to finish the process.

Report this User

Report this user for behavior that violates our Community Guidelines.

Details: